<?xml version="1.0" encoding="UTF-8"?>
<record
    xmlns:xsi="http://www.w3.org/2001/XMLSchema-instance"
    xsi:schemaLocation="http://www.loc.gov/MARC21/slim http://www.loc.gov/standards/marcxml/schema/MARC21slim.xsd"
    xmlns="http://www.loc.gov/MARC21/slim">

  <leader>01380nam a2200217Ia 4500</leader>
  <controlfield tag="003">Ost</controlfield>
  <controlfield tag="005">20260507075650.0</controlfield>
  <controlfield tag="008">260507s9999||||xx |||||||||||||| ||und||</controlfield>
  <datafield tag="040" ind1=" " ind2=" ">
    <subfield code="c">fsecg</subfield>
  </datafield>
  <datafield tag="041" ind1=" " ind2=" ">
    <subfield code="a">ara</subfield>
  </datafield>
  <datafield tag="082" ind1=" " ind2=" ">
    <subfield code="a">658.401</subfield>
  </datafield>
  <datafield tag="100" ind1=" " ind2=" ">
    <subfield code="a">&#x627;&#x644;&#x641;&#x636;&#x644;&#x60C; &#x645;&#x624;&#x64A;&#x62F;</subfield>
    <subfield code="e">&#x645;&#x624;&#x644;&#x641;</subfield>
  </datafield>
  <datafield tag="245" ind1=" " ind2="0">
    <subfield code="a">&#x627;&#x644;&#x623;&#x633;&#x627;&#x644;&#x64A;&#x628; &#x627;&#x644;&#x643;&#x645;&#x64A;&#x629; &#x641;&#x64A; &#x627;&#x644;&#x625;&#x62F;&#x627;&#x631;&#x629; /</subfield>
    <subfield code="c"> &#x645;&#x624;&#x64A;&#x62F; &#x627;&#x644;&#x641;&#x636;&#x644;</subfield>
  </datafield>
  <datafield tag="260" ind1=" " ind2=" ">
    <subfield code="a">&#x639;&#x645;&#x627;&#x646;: </subfield>
    <subfield code="b">&#x62F;&#x627;&#x631; &#x627;&#x644;&#x64A;&#x627;&#x632;&#x648;&#x631;&#x64A; &#x627;&#x644;&#x639;&#x644;&#x645;&#x64A;&#x629; &#x644;&#x644;&#x646;&#x634;&#x631; &#x648;&#x627;&#x644;&#x62A;&#x648;&#x632;&#x64A;&#x639;, </subfield>
    <subfield code="c">2004</subfield>
  </datafield>
  <datafield tag="300" ind1=" " ind2=" ">
    <subfield code="a">465  &#x635;&#x641;&#x62D;&#x629;&#x61B; </subfield>
    <subfield code="b">&#x625;&#x64A;&#x636;&#x627;&#x62D;&#x627;&#x62A; &#x61B;</subfield>
    <subfield code="c">24 &#x633;&#x645;</subfield>
  </datafield>
  <datafield tag="520" ind1=" " ind2=" ">
    <subfield code="a">&#x645;&#x641;&#x627;&#x647;&#x64A;&#x645; &#x646;&#x638;&#x631;&#x64A;&#x629; &#x641;&#x64A; &#x627;&#x644;&#x623;&#x633;&#x627;&#x644;&#x64A;&#x628; &#x627;&#x644;&#x643;&#x645;&#x64A;&#x629; &#x648;&#x627;&#x62A;&#x62E;&#x627;&#x630; &#x627;&#x644;&#x642;&#x631;&#x627;&#x631;&#x627;&#x62A; &#x641;&#x64A; &#x645;&#x646;&#x638;&#x645;&#x627;&#x62A; &#x627;&#x644;&#x623;&#x639;&#x645;&#x627;&#x644;- &#x627;&#x62A;&#x62E;&#x627;&#x630; &#x627;&#x644;&#x642;&#x631;&#x627;&#x631;&#x627;&#x62A; &#x641;&#x64A; &#x62D;&#x627;&#x644;&#x627;&#x62A; &#x627;&#x644;&#x628;&#x64A;&#x626;&#x64A;&#x629; &#x627;&#x644;&#x645;&#x62E;&#x62A;&#x644;&#x641;&#x629;- &#x627;&#x633;&#x62A;&#x62E;&#x62F;&#x627;&#x645; &#x646;&#x638;&#x631;&#x64A;&#x627;&#x62A; &#x648;&#x623;&#x633;&#x627;&#x644;&#x64A;&#x628; &#x645;&#x62E;&#x62A;&#x644;&#x641;&#x629; &#x641;&#x64A; &#x627;&#x62A;&#x62E;&#x627;&#x630; &#x627;&#x644;&#x642;&#x631;&#x627;&#x631;&#x627;&#x62A;- &#x627;&#x644;&#x646;&#x645;&#x627;&#x630;&#x62C; &#x627;&#x644;&#x631;&#x64A;&#x627;&#x636;&#x64A;&#x629; &#x641;&#x64A; &#x627;&#x644;&#x627;&#x633;&#x627;&#x644;&#x64A;&#x628; &#x627;&#x644;&#x643;&#x645;&#x64A;&#x629;- &#x627;&#x644;&#x628;&#x631;&#x645;&#x62C;&#x629; &#x627;&#x644;&#x62E;&#x637;&#x64A;&#x629;- &#x646;&#x645;&#x627;&#x630;&#x62C; &#x645;&#x62E;&#x62A;&#x644;&#x641;&#x629; &#x644;&#x644;&#x628;&#x631;&#x645;&#x62C;&#x629; &#x627;&#x644;&#x62E;&#x637;&#x64A;&#x629; &#x641;&#x64A; &#x627;&#x62A;&#x62E;&#x627;&#x630; &#x627;&#x644;&#x642;&#x631;&#x627;&#x631;&#x627;&#x62A; &#x627;&#x644;&#x625;&#x62F;&#x627;&#x631;&#x64A;&#x629;- &#x623;&#x633;&#x627;&#x644;&#x64A;&#x628; &#x627;&#x644;&#x628;&#x631;&#x645;&#x62C;&#x64A;&#x629; &#x627;&#x644;&#x644;&#x627;&#x62E;&#x637;&#x64A;&#x629; &#x641;&#x64A; &#x627;&#x62A;&#x62E;&#x627;&#x630; &#x627;&#x644;&#x642;&#x631;&#x627;&#x631;&#x627;&#x62A; &#x627;&#x644;&#x625;&#x62F;&#x627;&#x631;&#x64A;&#x629;- &#x646;&#x645;&#x627;&#x630;&#x62C; &#x627;&#x644;&#x646;&#x642;&#x644; &#x627;&#x644;&#x645;&#x641;&#x62A;&#x648;&#x62D; &#x648;&#x645;&#x62A;&#x639;&#x62F;&#x62F; &#x627;&#x644;&#x645;&#x631;&#x627;&#x62D;&#x644;- &#x627;&#x644;&#x62D;&#x627;&#x644;&#x627;&#x62A; &#x627;&#x644;&#x62E;&#x627;&#x635;&#x629; &#x628;&#x64A; &#x646;&#x645;&#x627;&#x630;&#x62C; &#x627;&#x644;&#x646;&#x642;&#x644;.</subfield>
  </datafield>
  <datafield tag="653" ind1=" " ind2=" ">
    <subfield code="a">&#x627;&#x644;&#x625;&#x62D;&#x635;&#x627;&#x621;</subfield>
  </datafield>
  <datafield tag="653" ind1=" " ind2=" ">
    <subfield code="a">&#x627;&#x644;&#x625;&#x62F;&#x627;&#x631;&#x629;</subfield>
  </datafield>
  <datafield tag="653" ind1=" " ind2=" ">
    <subfield code="a">&#x627;&#x644;&#x623;&#x633;&#x627;&#x644;&#x64A;&#x628; &#x627;&#x644;&#x643;&#x645;&#x64A;&#x629;</subfield>
  </datafield>
  <datafield tag="942" ind1=" " ind2=" ">
    <subfield code="c">&#x643;&#x62A;&#x627;&#x628;</subfield>
  </datafield>
  <datafield tag="999" ind1=" " ind2=" ">
    <subfield code="c">45586</subfield>
    <subfield code="d">45586</subfield>
  </datafield>
</record>
